Hodnotenie práce manažérov sieťových hotelov

Hodnotenie efektívnosti práce manažérov. Efektívnosť práce manažéra spojená a dosahovaním cieľov, rastom tržieb hotela, zvyšovaním podielu na trhu, maximalizáciou zisku, hospodárnosťou, dosahovaním nízkych nákladov a malých strát pri rovnakom výsledku. Výsledky skúmania efektívnosti práce manažérov...

Descripción completa

Guardado en:
Detalles Bibliográficos
Autor principal: Vetráková, Milota
Otros Autores: Al Khouri, Barbara
Formato: Capítulo de libro
Lenguaje:eslovaco
Materias:
Etiquetas: Agregar Etiqueta
Sin Etiquetas, Sea el primero en etiquetar este registro!

MARC

LEADER 00000naa a2200000 4500
001 0229790
005 20220805075440.7
041 0 |a slo 
044 |a SK 
245 1 0 |a Hodnotenie práce manažérov sieťových hotelov  |c Milota Vetráková, Barbara Al Khouri 
520 |a Hodnotenie efektívnosti práce manažérov. Efektívnosť práce manažéra spojená a dosahovaním cieľov, rastom tržieb hotela, zvyšovaním podielu na trhu, maximalizáciou zisku, hospodárnosťou, dosahovaním nízkych nákladov a malých strát pri rovnakom výsledku. Výsledky skúmania efektívnosti práce manažérov sieťových hotelov nadnárodných spoločností. 
610 2 0 |a efektívnosť práce 
610 2 0 |a manažéri 
610 2 0 |a hotely 
100 1 |a Vetráková, Milota 
700 1 |a Al Khouri, Barbara